A room with a view (Record no. 4228)

MARC details
000 -LEADER
fixed length control field 00544cam a2200193ua 4500
001 - CONTROL NUMBER
control field 5048
005 - DATE AND TIME OF LATEST TRANSACTION
control field 20260515113828.0
008 - FIXED-LENGTH DATA ELEMENTS--GENERAL INFORMATION
fixed length control field 120303n ii |||gr||||Z||||||eng
020 ## - INTERNATIONAL STANDARD BOOK NUMBER
International Standard Book Number 0-14-028263-7
040 ## - CATALOGING SOURCE
Transcribing agency MAIN
082 ## - DEWEY DECIMAL CLASSIFICATION NUMBER
Classification number 823
100 ## - MAIN ENTRY--PERSONAL NAME
Personal name Forster, E.M.,
Dates associated with a name E.M. Forster(1879-1970),
Relator term Author.,
Fuller form of name (Edward Morgan Forster).
245 11 - TITLE STATEMENT
Title A room with a view
Statement of responsibility, etc. by E.M. Forster
250 ## - EDITION STATEMENT
Edition statement 1st rep. /
Remainder of edition statement Reprinted in Penguin books.
260 ## - PUBLICATION, DISTRIBUTION, ETC.
Place of publication, distribution, etc. New Delhi:
Name of publisher, distributor, etc. Penguin books,
Date of publication, distribution, etc. 1990.
300 ## - PHYSICAL DESCRIPTION
Extent 211p.
653 ## - INDEX TERM--UNCONTROLLED
Uncontrolled term English novel
942 ## - ADDED ENTRY ELEMENTS (KOHA)
Koha item type Books
Holdings
Withdrawn status Lost status Damaged status Not for loan Home library Current library Shelving location Date acquired Total checkouts Full call number Barcode Date last seen Date last checked out Copy number Price effective from Koha item type
        Naharkatiya College Library Naharkatiya College Library General stacks 09/19/2020 1 823 | FOR 15600 08/17/2022 08/10/2022 1 09/19/2020 Books